000 00447nam a2200181Ia 4500
001 16948
005 20260306170348.0
008 260306t1998||||xx |||||||||||||| ||und||
041 _aESP
082 _a657.3
_bS21
100 _aSanchez Navarro, Fortunato
_eAUT
245 0 _aContabilidad general y finanzas de empresas
260 _c1998
300 _a585 páginas :
_c21 cm.
650 _aGEN
654 _aCCO
942 _cLIB
_dJUS
_fJUS
_2ddc
_n
999 _c16948
_d16948